000 00646nam a2200193Ia 4500
005 20250508153358.0
008 008 250505s9999 xx 000 0 eng d
037 _aBooks to be hide in OPAC
040 _aFEDL
_beng
_cFEDL
041 _aeng
_2eng
084 _a378, UNI/O
_qFEDL
100 _aHollis Ernest V
_9757864
245 0 _aSurvey of state legislation relating to higher education: January 1, 1960 to December 31, 1960
260 _aWashington, USA
_bU.S. Government Printing Office
_c1961
300 _aiv,92p.
700 _a Land William G Martorana
_9763831
942 _cHB
_h378, UNI/O
999 _c1342432
_d1342432